000
00287nam a22001217a 4500
082
_a
515.35 THO'C
100
_a
THOMPSON, J.E
_9
39125
245
_a
CALCULUS:FOR THE PRACTICAL MAN
260
_a
NEWYORK
_b
D.VAN NOSTRAND
_c
1946
300
_a
342P
650
_a
CALCULUS
_9
4218
942
_c
BK
999
_c
579127
_d
579127